000 01348nab a2200241 i 4500
001 170418
003 ES-MaACL
005 20251003190535.0
008 090304m18861887sp 000 0 spa d
100 1 _aVico, Antonio.
_9227106
245 1 0 _aIsidoro Máiquez, Carlos Latorre, Julián Romea - La escena española desde principios del siglo - La declamación en la tragedia, en el drama histórico y en la comedia de costumbres : 16ª conferencia [del ciclo "La España del siglo XIX", Ateneo Científico, Literario y Artístico de Madrid] /
_corador, Antonio Vico.
600 0 4 _aMáiquez, Isidoro,
_d1768-1820
_975608
600 1 4 _aLatorre, Carlos (
_d1799-1851)
_9174678
600 1 4 _aRomea, Julián,
_d1813-1868
_999280
610 2 4 _aAteneo de Madrid-
_vConferencias-
_yS.XIX.
_91910
610 2 4 _aAteneo de Madrid-
_vObras digitalizadas.
_91930
650 7 _aTeatro-
_zEspaña-
_yS.XIX
_2
_9141742
773 0 _tLa España del siglo XIX : colección de conferencias históricas celebradas durante el curso de 1885-86 [y curso de 1886-87],
_dMadrid : Librería de Don Antonio San Martín, 1886-1887,
_gT. 2, p. 125-156
_082158
_985194
_w82158
856 4 _uhttp://www.ateneodemadrid.com/biblioteca_digital/folletos/Folletos-0104.pdf
_zVer documento
942 _cANAM
_2udc
999 _c170418
_d170418